LEADER 01343nam a2200265 i 4500 001 000000144614 003 CaOOAMICUS 005 20051107000000.0 008 051107s1933 it u000 u ita u 013 $a119972 040 $aSeMil$bita 245 13$aLe sacre stazioni ambrosiane :$bpreci stazionali a norma dell'antica tradizione milanese. Note storiche e devote aspirazioni. 260 $aMilano :$b[s.n.],$c1933. 300 $a227 p. :$bnotazione musicale ;$c16 cm. 490 0 $aBiblioteca liturgica ambrosiana 500 $aContiene : Appendice. - Ai piè del front : A cura della "Rivista Ambrosius" Milano. 650 4$aLiturgia ambrosiana - Stazioni - Testi.$0(OLS)http://semarc/subject/28333 830 0$aBiblioteca liturgica ambrosiana.$0(OLS)http://semarc/title/19247 850 $aSeMil 852 $aSeMil$W1$xVenegono$y1$m3K I 514$j97508$B97508$CSeMilBibl$Z2$F106354 $81 852 $aSeMil$W1$xVenegono$y1$m3K III 177$j241493$B245517$CSeMilBibl$Z2$F245517 $81 961 $aRecupero: Biblioteca Seminario Saronno 961 $aCon firma autografa di don Carlo Barni 996 $6245$aLe sacre stazioni ambrosiane :$bpreci stazionali a norma dell'antica tradizione milanese. Note storiche e devote aspirazioni$9(OLS)http://semarc/title/211527 996 $6260$aMilano :$b[s.n.]$9(OLS)http://semarc/publisher/29709 LEADER 00650nam a2200193 i 4500 001 000000257111 003 CaOOAMICUS 005 20180130000000.0 008 180130s1841 xx u000 u fre u 013 $a236019 040 $aSeMil$bita 245 10$aTome 2. 300 $a452 p. 773 0 $aNapoléon I $tVie politique et militaire de Napoléon.$dParis : Librairie militaire de J.-B. Petit, 1841.$g2$w()4027 850 $aSeMil 852 $aSeMil$W1$xVenegono$y1$m3S IV 30 FA$j207457$B207457$CSeMilBibl$Z2$F220918 $8I 941 1 $a10 961 $aRecupero: Mantegazza 996 $6245$aTome 2$9(OLS)http://semarc/title/1533